LEADER 01369nam a2200277 a 4500 001 000000131211 003 CaOOAMICUS 005 20121107115459.0 008 121107s2002 it frm z000 u ita r 040 $aPUL$bita 100 1 $aDoglio, Claudio.$0(OLS)http://pul/name/76222 245 13$aIl primogenito dei morti :$bla risurrezione di Cristo e dei cristiani nell'Apocalisse di Giovanni /$cauctore Claudio Doglio. 260 $aRoma :$bPontificia Universitą Gregoriana,$c2002. 300 $a357 p. ;$c24 cm. 490 1 $aSupplementi alla Rivista biblica ;$v45 502 $aTesi -- Pontificia Universitas Gregoriana. Facultas theologiae. 2002. 504 $aBibliografia: p. [331]-346. 710 2 $aPontificia Universitą Gregoriana.$bFacoltą di teologia.$kTesi.$0(OLS)http://pul/name/81592 830 0$aSupplementi alla Rivista biblica ;$v45.$0(OLS)http://pul/title/18638 850 $aPUL 852 $aPUL$W1$xDP1 Tesi Pon. Univ. Gregoriana$y40$m2002 B 34$j151544$qTesi$B150406$CPULBib$Z2$F150406 $82 941 1 $a16 983 0$aSupplementi alla rivista biblica (Associazione biblica italiana) 996 $6245$aIl primogenito dei morti :$bla risurrezione di Cristo e dei cristiani nell'Apocalisse di Giovanni$9(OLS)http://pul/title/165775 996 $6260$aRoma :$bPontificia Universitą Gregoriana$9(OLS)http://pul/publisher/47853 LEADER 00979nam a2200265 a 4500 001 000000135996 003 CaOOAMICUS 005 20131024123911.0 008 131024s1988 it u000 u ita r 040 $aPUL$bita 041 1 $aita$heng 100 1 $aJames, Henry,$d1843-1916.$0(OLS)http://pul/name/80271 240 10$aAltar of the dead.$lItaliano.$0(OLS)http://pul/title/171974 245 12$aL'altare dei morti /$cHenry James. 260 $aMilano :$bAdelphi,$c©1988. 300 $a78 p. ;$c18 cm 490 1 $aPiccola biblioteca Adelphi ;$v214 830 0$aPiccola biblioteca Adelphi ;$v214.$0(OLS)http://pul/title/37100 850 $aPUL 852 $aPUL$W1$xDP1 Fondo E. Rossi$y115$m2 B 55$j156772$qFondi$B156165$CPULBib$Z2$F156165 $82 941 1 $a1 961 $aSul dorso collocazione ms. di E. Rossi: II 49 996 $6245$aL'altare dei morti$9(OLS)http://pul/title/171973 996 $6260$aMilano :$bAdelphi$9(OLS)http://pul/publisher/51018